Odpowiedź zaczyna się na "X" - Statystyki

Ogólne statystyki
  • Ten quiz został rozwiązany 4 776 razy
    4 771 od ostatniego zresetowania
  • Średni wynik to 7 z 20
Statystyki odpowiedzi
Lp Pytatnie Odpowiedź % Poprawnych
4 Jaką nazwę nosi seria konsol do gier video produkowanych przez Microsoft? Xbox
92%
1 Jak inaczej często określa się promienie rentgenowskie? (słowo pochodzi z jęz. angielskiego) X-Ray
81%
2 Napisz cyframi rzymskimi liczbę 48. XLVIII
78%
17 Napisz cyframi rzymskimi liczbę 39. XXXIX
78%
3 Jaką tytuł nosi komiks wydawnictwa Marvel o grupie "mutantów"? X-Men
72%
14 Jak miała na imię słynna "wojownicza księżniczka" z serialu telewizyjnego grana przez Lucy Lawless? Xena
42%
6 Jak miał na nazwisko założycie grupy o której mowa w pytaniu numer 3? Xavier
41%
16 Jaką nazwę nosi sprzedawana na polskim rynku ziołowa herbata, której nazwa jest podobna do imienia bohaterki z pytania numer 14? Xenna
40%
10 Jaką nazwę nosi jeden z najbardziej charakterystycznych statków bojowych z oryginalnej trylogii Gwiezdnych Wojen? X-Wing
32%
5 W pobliżu jakiego historycznego miasta w Chinach znajduje się muzeum słynnej "Terakotowej Armii"? Xi'an
24%
15 Jaką nazwę nosi amerykańska korporacja, która jako pierwsza zaczęła wprowadzać na rynek fotokopiarki? Xerox
20%
7 Jakim skrótem określa się rozszerzalny język znaczników hipertekstowych, służący do tworzenia stron, będący swego rodzaju następcą HTML? XHTML
18%
9 Jaką nazwę nosi specjalna grupa uderzeniowa/agencja do zwalczania istot pozaziemskich znana z serii turowych gier strategicznych? X-Com
16%
13 Pod jakim pseudonimem tworzy i występuje amerykański raper Alvin Nathaniel Joiner IV? Xzibit
9%
11 Jaki tytuł ma belgijska seria komiksów autorstwa Jeana Van Hamm i Williama Vancea której cierpiący na amnezję bohater, jest oskarżany o zabójstwo prezydenta USA? XIII
4%
8 Jak miała na imię żona hiszpańskiego bohatera narodowego El Cida? Ximena
4%
12 Jaki tytuł nosiła wydana i wyprodukowana przez Techland gra wyścigowa z 2004 roku? Xpand Rally
4%
20 Jak ma na imię galaktyczny władca w doktrynie "kościoła" scjentologicznego? Xenu
3%
19 Pod jaką inną nazwą znane jest Sherry, hiszpańskie wino wzmocnione pochodzące z Andaluzji? Xeres
2%
18 Jaką nazwę nosi prawy dopływ Amazonki, piąta co do długości rzeka Brazylii wzdłuż brzegów której archeolodzy odkryli pozostałości nieznanej dokładnie cywilizacji prekolumbijskiej? Xingu
2%
Nie znaleziono quizów pasujących do podanych kryteriów
Rozkład punktacji
Procent ludzi z każdym wynikiem
Percentyl według liczby udzielonych odpowiedzi
Twoja historia wyników
Nie rozwiązałeś tego quizu od ostatniego zresetowania